| 000 | 00573nam a2200181Ia 4500 | ||
|---|---|---|---|
| 008 | 100917s9999 xx 000 0 und d | ||
| 082 | _b43119 | ||
| 100 | _aगुप्ते शशिकांत | ||
| 245 | _aचांदणे शिंपित जा | ||
| 260 |
_bश्रीरंग प्रकाशन _c1978 |
||
| 300 | _a108 | ||
| 365 | _b8 | ||
| 520 | _aकादंबरी | ||
| 630 | _aचांदणे शिंपित जा | ||
| 650 | _aकादंबरी | ||
| 730 | _aचांदणे शिंपित जा | ||
| 942 | _cBOOK | ||
| 999 |
_c648513 _d648510 |
||